000 00457nab a2200145Ia 4500
003 ES-SlBCS
005 20210601150337.0
008 140529s1995 xxu||||| |||| 00| 0 spa d
041 _aspa
100 1 _aPérez Morales, Ovidio
_9115719
245 0 0 _aLa Formación humana - Don y tarea. Algunos comentarios
_c Ovidio Pérez Morales
650 0 4 _aFormación Sacerdotal
_9109975
773 0 _tTeologia Iusi
_gnº. 15, 1995, págs. 89-105
_wRev1366
942 _cAR
999 _c739370
_d739370